<?xml version="1.0" encoding="UTF-8"?>
<record
    xmlns:xsi="http://www.w3.org/2001/XMLSchema-instance"
    xsi:schemaLocation="http://www.loc.gov/MARC21/slim http://www.loc.gov/standards/marcxml/schema/MARC21slim.xsd"
    xmlns="http://www.loc.gov/MARC21/slim">

  <leader>01068nam a22002657a 4500</leader>
  <controlfield tag="003">OSt</controlfield>
  <controlfield tag="005">20240718111935.0</controlfield>
  <controlfield tag="008">240716b           ||||| |||| 00| 0 eng d</controlfield>
  <datafield tag="022" ind1=" " ind2=" ">
    <subfield code="2">09702385</subfield>
  </datafield>
  <datafield tag="040" ind1=" " ind2=" ">
    <subfield code="c">AIMIT LIBRARY</subfield>
  </datafield>
  <datafield tag="082" ind1=" " ind2=" ">
    <subfield code="a">658</subfield>
    <subfield code="b">ABHI</subfield>
  </datafield>
  <datafield tag="110" ind1=" " ind2=" ">
    <subfield code="a">Foundation for Organisational Research and Education</subfield>
    <subfield code="9">173626</subfield>
  </datafield>
  <datafield tag="245" ind1=" " ind2=" ">
    <subfield code="a">Abhigyan : </subfield>
    <subfield code="b">quest for excellence /</subfield>
    <subfield code="c">By Foundation for Organisational Research and Education.</subfield>
  </datafield>
  <datafield tag="260" ind1=" " ind2=" ">
    <subfield code="a">:New Delhi :</subfield>
    <subfield code="b">Adhitam Kendra ,</subfield>
    <subfield code="c">2014.</subfield>
  </datafield>
  <datafield tag="300" ind1=" " ind2=" ">
    <subfield code="b">HB</subfield>
    <subfield code="c">27.5 cm.</subfield>
  </datafield>
  <datafield tag="440" ind1=" " ind2=" ">
    <subfield code="a">Abhigyan</subfield>
    <subfield code="v">Vol.32 No.1-4/2014</subfield>
    <subfield code="9">173627</subfield>
  </datafield>
  <datafield tag="440" ind1=" " ind2=" ">
    <subfield code="v">Vol.31 No.1-3/2013</subfield>
  </datafield>
  <datafield tag="440" ind1=" " ind2=" ">
    <subfield code="v">Vol.34No.1-3/2016, Vol.35 No.2-4/2017</subfield>
  </datafield>
  <datafield tag="440" ind1=" " ind2=" ">
    <subfield code="v">Vol.32 No.4/2015,Vol.33 No.1-3/2015,Vol.33 No.4/2016</subfield>
  </datafield>
  <datafield tag="440" ind1=" " ind2=" ">
    <subfield code="v">Vol.35 No.1-2017, Vol.35 No.4-2018, Vol.36 No.1-3/2018</subfield>
  </datafield>
  <datafield tag="650" ind1=" " ind2=" ">
    <subfield code="a">Towards integrated learning and development for improving bottom line</subfield>
    <subfield code="9">173628</subfield>
  </datafield>
  <datafield tag="650" ind1=" " ind2=" ">
    <subfield code="a">Effectiveness of green shoe option in India</subfield>
    <subfield code="9">173629</subfield>
  </datafield>
  <datafield tag="650" ind1=" " ind2=" ">
    <subfield code="a">Global financial crisis and dynamics of Indian stock market</subfield>
    <subfield code="9">173630</subfield>
  </datafield>
  <datafield tag="942" ind1=" " ind2=" ">
    <subfield code="2">ddc</subfield>
    <subfield code="c">BV</subfield>
    <subfield code="k">658 ABHI</subfield>
  </datafield>
  <datafield tag="999" ind1=" " ind2=" ">
    <subfield code="c">231460</subfield>
    <subfield code="d">231460</subfield>
  </datafield>
  <datafield tag="952" ind1=" " ind2=" ">
    <subfield code="0">0</subfield>
    <subfield code="1">0</subfield>
    <subfield code="2">ddc</subfield>
    <subfield code="4">0</subfield>
    <subfield code="7">0</subfield>
    <subfield code="8">MBA</subfield>
    <subfield code="a">AIMIT</subfield>
    <subfield code="b">AIMIT</subfield>
    <subfield code="c">BV</subfield>
    <subfield code="d">2024-07-16</subfield>
    <subfield code="h">Vol.32 No.1-4/2014</subfield>
    <subfield code="l">0</subfield>
    <subfield code="o">658 ABHI</subfield>
    <subfield code="p">BVM872</subfield>
    <subfield code="r">2024-07-16 00:00:00</subfield>
    <subfield code="w">2024-07-16</subfield>
    <subfield code="y">BV</subfield>
  </datafield>
  <datafield tag="952" ind1=" " ind2=" ">
    <subfield code="0">0</subfield>
    <subfield code="1">0</subfield>
    <subfield code="2">ddc</subfield>
    <subfield code="4">0</subfield>
    <subfield code="7">0</subfield>
    <subfield code="8">MBA</subfield>
    <subfield code="a">AIMIT</subfield>
    <subfield code="b">AIMIT</subfield>
    <subfield code="c">BV</subfield>
    <subfield code="d">2024-07-16</subfield>
    <subfield code="h">Vol.31 No.1-3/2013</subfield>
    <subfield code="l">0</subfield>
    <subfield code="o">658 ABHI</subfield>
    <subfield code="p">BVM871</subfield>
    <subfield code="r">2024-07-16 00:00:00</subfield>
    <subfield code="w">2024-07-16</subfield>
    <subfield code="y">BV</subfield>
  </datafield>
  <datafield tag="952" ind1=" " ind2=" ">
    <subfield code="0">0</subfield>
    <subfield code="1">0</subfield>
    <subfield code="2">ddc</subfield>
    <subfield code="4">0</subfield>
    <subfield code="7">0</subfield>
    <subfield code="8">MBA</subfield>
    <subfield code="a">AIMIT</subfield>
    <subfield code="b">AIMIT</subfield>
    <subfield code="c">BV</subfield>
    <subfield code="d">2024-07-16</subfield>
    <subfield code="h">Vol.32 No.4-2015/Vol.33 No.1-3/2015/ Vol.33 No.4/2016</subfield>
    <subfield code="l">0</subfield>
    <subfield code="o">658 ABHI</subfield>
    <subfield code="p">BVM922</subfield>
    <subfield code="r">2024-07-16 00:00:00</subfield>
    <subfield code="w">2024-07-16</subfield>
    <subfield code="y">BV</subfield>
  </datafield>
  <datafield tag="952" ind1=" " ind2=" ">
    <subfield code="0">0</subfield>
    <subfield code="1">0</subfield>
    <subfield code="2">ddc</subfield>
    <subfield code="4">0</subfield>
    <subfield code="7">0</subfield>
    <subfield code="8">MBA</subfield>
    <subfield code="a">AIMIT</subfield>
    <subfield code="b">AIMIT</subfield>
    <subfield code="c">BV</subfield>
    <subfield code="d">2024-07-16</subfield>
    <subfield code="h">Vol.34 No.1-3/2016/Vol.35 No.2-4/2017</subfield>
    <subfield code="l">0</subfield>
    <subfield code="o">658 ABHI</subfield>
    <subfield code="p">BVM923</subfield>
    <subfield code="r">2024-07-16 00:00:00</subfield>
    <subfield code="w">2024-07-16</subfield>
    <subfield code="y">BV</subfield>
  </datafield>
  <datafield tag="952" ind1=" " ind2=" ">
    <subfield code="0">0</subfield>
    <subfield code="1">0</subfield>
    <subfield code="2">ddc</subfield>
    <subfield code="4">0</subfield>
    <subfield code="7">0</subfield>
    <subfield code="8">MBA</subfield>
    <subfield code="a">AIMIT</subfield>
    <subfield code="b">AIMIT</subfield>
    <subfield code="c">BV</subfield>
    <subfield code="d">2024-07-16</subfield>
    <subfield code="h">Vol.35 No.1-2017/Vol.35 No.4-2018/Vol.36 No.1-3/2018</subfield>
    <subfield code="l">0</subfield>
    <subfield code="o">658 ABHI</subfield>
    <subfield code="p">BVM1117</subfield>
    <subfield code="r">2024-07-16 00:00:00</subfield>
    <subfield code="w">2024-07-16</subfield>
    <subfield code="y">BV</subfield>
  </datafield>
</record>
